000 00455nam a2200181Ia 4500
005 20240823062633.0
008 240823s9999||||xx |||||||||||||| ||und||
041 _aENGLISH
082 _A621.4022 N6
100 _aSachdeva R C
245 0 _aFundamentals of Engineering Heat and Mass Transfer
250 _a1st
260 _c1996
_b"New Age,New Delhi"
500 _aYES
650 _aHeat
_bAeronautical Engineering
942 _cBK
999 _c236350
_d236350